| 000 | 00778nam a2200205Ia 4500 | ||
|---|---|---|---|
| 003 | GCL | ||
| 008 | 140319s9999 xx 000 0 ara d | ||
| 020 | _a3299208977 | ||
| 040 |
_aGCL / _cGCL |
||
| 082 | 0 | 4 |
_a953.04 _bا ح |
| 100 | 1 | _aاحمد شوقى ابراهيم العمرجى | |
| 245 | 1 | 0 |
_aالحياة السياسية والفكرية للزيدية فى المشرق الاسلامى 132 هـ - 365 هـ \ 749 - 975 م / _cاحمد شوقى ابراهيم العمرجى |
| 260 |
_aالقاهرة : _bمكتبة مدبولى ، _c2000 |
||
| 300 |
_a317 ص ؛ _c24 سم |
||
| 650 | 0 | 4 | _aالشيعة |
| 650 | 0 | 4 | _aالزيدية |
| 650 | 0 | 4 | _aالشيعة - فقه الزيدية |
| 650 | 0 | 4 | _aالزيدية - الاحوال السياسية |
| 942 |
_2ddc _cBK |
||
| 999 |
_c6429 _d6429 |
||